000 00719nam a2200253#a 4500
001 00769
003 HDC
007 ta
008 230623s2008 xx 000 0 eng d
020 _a9781420077896 (hbk.).
040 _aHDC
050 _aTP 374
_b.E58 2008
245 0 _aEnvironmentally compatible food packaging /
_cedited by Emo Chiellini
264 _aBoca Raton, FL :
_bCRC Press
_c2008
264 _aCambridge, England :
_bWoodhead,
300 _axix,568p. :
_b ill. ;
_c 24cm
500 _aIncludes bibliographical references and index
650 _aFood
_xPackaging
_x Environmental aspects
700 _aChiellini, Emo
942 _2lcc
942 _cBK
942 _kTP 374
942 _m.E58 2008
999 _c24206
_d24206